[Event "European Individual Chess Championship "]
[Site "Reykjavik, Iceland"]
[Date "2021.08.26"]
[Round "1.75"]
[White "Loiseau, Quentin"]
[Black "Heidarsson, Mikael Bjarki"]
[Result "1-0"]
[WhiteElo "2466"]
[BlackElo "1473"]
[PlyCount "33"]
[EventDate "2021.08.26"]

1. Nf3 c5 2. c4 Nf6 3. Nc3 g6 4. d4 Bg7 5. d5 d6 6. h3 O-O 7. e4 e6 8. Bd3 exd5
9. cxd5 b5 10. Nxb5 Nxe4 11. Bxe4 Re8 12. Ng5 h6 13. Ne6 Bxe6 14. dxe6 Rxe6 15.
O-O Rxe4 16. Qd5 Qe8 17. Nxd6 1-0

[Event "European Individual Chess Championship "]
[Site "Reykjavik, Iceland"]
[Date "2021.08.26"]
[Round "1.76"]
[White "Moller, Tomas"]
[Black "Petenyi, Tamas"]
[Result "0-1"]
[WhiteElo "1402"]
[BlackElo "2463"]
[PlyCount "70"]
[EventDate "2021.08.26"]

1. e4 g6 2. d4 Bg7 3. Nc3 d6 4. Nf3 Nf6 5. h3 O-O 6. Be3 c6 7. Bc4 b5 8. Bb3 b4
9. Ne2 Nxe4 10. c3 bxc3 11. bxc3 Ba6 12. Rc1 Nd7 13. O-O Rb8 14. Re1 c5 15. c4
cxd4 16. Bxd4 Ndc5 17. Bxg7 Kxg7 18. Nc3 Nxc3 19. Rxc3 e5 20. Qd2 Bb7 21. Bc2
Bxf3 22. Rxf3 Ne6 23. Rb3 Nd4 24. Rbb1 Qc7 25. Bd3 Qc5 26. Rb5 Nxb5 27. cxb5
Rfc8 28. a4 Qc3 29. Rd1 Qxd2 30. Rxd2 Rc1+ 31. Kh2 Ra1 32. Bc2 Ra2 33. Rxd6
Rxc2 34. Ra6 Rb7 35. a5 Rxb5 0-1

[Event "European Individual Chess Championship "]
[Site "Reykjavik, Iceland"]
[Date "2021.08.26"]
[Round "1.78"]
[White "Kjartansson, Arnar Logi"]
[Black "Saraci, Nderim"]
[Result "0-1"]
[WhiteElo "1271"]
[BlackElo "2455"]
[PlyCount "74"]
[EventDate "2021.08.26"]

1. d4 d5 2. c4 c6 3. Nf3 Nf6 4. Nc3 e6 5. cxd5 exd5 6. Bg5 Nbd7 7. e3 Qa5 8. a3
Ne4 9. Qc2 Bb4 10. Rc1 Bxc3+ 11. bxc3 Nxg5 12. Nxg5 Qxa3 13. Be2 Qe7 14. Nf3
O-O 15. O-O Nb6 16. Ne5 f6 17. Nd3 Bf5 18. Qd1 Nc4 19. Nf4 b5 20. Bxc4 dxc4 21.
Re1 Qd6 22. Qf3 g5 23. Nh5 Bg6 24. Ng3 f5 25. h3 a5 26. Rcd1 Qd5 27. Qe2 b4 28.
cxb4 axb4 29. e4 fxe4 30. Nxe4 Bxe4 31. Qxe4 Qxe4 32. Rxe4 c3 33. d5 c2 34. Rc1
b3 35. Rb4 Rab8 36. Rc4 cxd5 37. Rd4 b2 0-1

[Event "European Individual Chess Championship "]
[Site "Reykjavik, Iceland"]
[Date "2021.08.26"]
[Round "1.79"]
[White "Kacharava, Nikolozi"]
[Black "Helgadottir, Idunn"]
[Result "1-0"]
[WhiteElo "2453"]
[BlackElo "1243"]
[PlyCount "75"]
[EventDate "2021.08.26"]

1. e4 c5 2. Nf3 e6 3. d4 cxd4 4. Nxd4 Nc6 5. Nc3 a6 6. Nxc6 bxc6 7. Bd3 Bc5 8.
O-O d5 9. Qg4 Bd4 10. exd5 c5 11. dxe6 Bxe6 12. Qf3 Ne7 13. Ne2 O-O 14. Nxd4
Qxd4 15. Be3 Qxb2 16. Bxc5 Bd5 17. Bxh7+ Kxh7 18. Qh5+ Kg8 19. Bxe7 Rfe8 20.
Qxd5 Rac8 21. Bh4 Rxc2 22. Qb3 Ree2 23. Qxb2 Rxb2 24. a3 f6 25. h3 g5 26. Bg3
f5 27. Rfe1 f4 28. Rxe2 Rxe2 29. Bh2 Kf7 30. h4 Kg6 31. hxg5 Kxg5 32. Kf1 Re6
33. Rc1 Rf6 34. Rc5+ Kg4 35. f3+ Kh4 36. Bg1 Kg3 37. Bf2+ Kh2 38. Rh5# 1-0

[Event "European Individual Chess Championship "]
[Site "Reykjavik, Iceland"]
[Date "2021.08.26"]
[Round "1.80"]
[White "Briem, Gudrun Fanney"]
[Black "Grigorian, Spartak"]
[Result "0-1"]
[WhiteElo "1240"]
[BlackElo "2448"]
[PlyCount "56"]
[EventDate "2021.08.26"]

1. d4 Nf6 2. Nf3 c5 3. c3 d5 4. Bf4 Nc6 5. e3 Qb6 6. Qb3 c4 7. Qxb6 axb6 8.
Nbd2 b5 9. Be2 b4 10. O-O Bg4 11. h3 Bh5 12. Rfc1 e6 13. b3 bxc3 14. Rxc3 Ne4
15. Rc2 Nb4 16. Rac1 Nxc2 17. Rxc2 Nxd2 18. Rxd2 Bb4 19. Rb2 c3 20. Bb5+ Ke7
21. Rc2 Bg6 22. Rc1 c2 23. Ne5 Rxa2 24. Nxg6+ hxg6 25. e4 dxe4 26. Kf1 Rc8 27.
Ke2 Ba3 28. d5 exd5 0-1

[Event "European Individual Chess Championship "]
[Site "Reykjavik, Iceland"]
[Date "2021.08.26"]
[Round "1.82"]
[White "Omarsson, Josef"]
[Black "Petkov, Momchil"]
[Result "0-1"]
[WhiteElo "1211"]
[BlackElo "2443"]
[PlyCount "108"]
[EventDate "2021.08.26"]

1. d4 d5 2. Bf4 c5 3. e3 Nc6 4. Nf3 Nf6 5. Be2 Bg4 6. O-O Bxf3 7. Bxf3 cxd4 8.
exd4 Qb6 9. Nc3 Qxd4 10. Qxd4 Nxd4 11. Bxd5 Nxd5 12. Nxd5 O-O-O 13. Nc3 e6 14.
Rfd1 Bb4 15. Kh1 Bxc3 16. bxc3 Nxc2 17. Rac1 Rxd1+ 18. Rxd1 Rd8 19. Rc1 Na3 20.
g3 Nc4 21. Rc2 e5 22. Bc1 f5 23. Kg2 Rd3 24. Kf1 Kd7 25. Ke2 e4 26. h4 h5 27.
Bd2 Nxd2 28. Rxd2 Rxd2+ 29. Kxd2 Kd6 30. Ke3 Ke5 31. a4 b6 32. f3 exf3 33. Kxf3
f4 34. gxf4+ Kf5 35. c4 a5 36. Ke3 Kg4 37. Kd4 Kxh4 38. Kd5 Kg3 39. Kc6 h4 40.
Kxb6 h3 41. Kxa5 h2 42. c5 h1=Q 43. Kb6 Qb1+ 44. Ka5 Qb7 45. f5 Kf4 46. f6 gxf6
47. c6 Qxc6 48. Kb4 Ke4 49. Ka5 Kd4 50. Kb4 Qc5+ 51. Kb3 Qc3+ 52. Ka2 Qb4 53.
a5 Kc3 54. a6 Qb2# 0-1

[Event "European Individual Chess Championship "]
[Site "Reykjavik, Iceland"]
[Date "2021.08.26"]
[Round "1.83"]
[White "Vogel, Roven"]
[Black "Gudnyjarson, Sigurdur Pall"]
[Result "1-0"]
[WhiteElo "2441"]
[BlackElo "1207"]
[PlyCount "57"]
[EventDate "2021.08.26"]

1. d4 Nf6 2. c4 e6 3. Nf3 Bb4+ 4. Nbd2 d5 5. Qa4+ Nc6 6. e3 Bxd2+ 7. Bxd2 O-O
8. Be2 Bd7 9. Qc2 Re8 10. O-O Ne7 11. Rfd1 Ng6 12. b4 dxc4 13. Qxc4 a6 14. Be1
Bb5 15. Qc2 Bxe2 16. Qxe2 Nd5 17. e4 Nf6 18. Qc2 c6 19. Bc3 Qc7 20. g3 Nd7 21.
Bb2 Rac8 22. h4 b6 23. h5 Ngf8 24. h6 Ng6 25. hxg7 Kxg7 26. Kg2 e5 27. dxe5
Ndxe5 28. Nxe5 Nxe5 29. f4 1-0

[Event "European Individual Chess Championship "]
[Site "Reykjavik, Iceland"]
[Date "2021.08.26"]
[Round "1.84"]
[White "Hreinsson, Johann Helgi"]
[Black "Thorfinnsson, Bragi"]
[Result "0-1"]
[WhiteElo "1195"]
[BlackElo "2439"]
[PlyCount "71"]
[EventDate "2021.08.26"]

1. d4 Nf6 2. c4 e6 3. Nf3 c5 4. e3 d5 5. Nc3 a6 6. a4 Nc6 7. cxd5 exd5 8. Be2
Bd6 9. O-O O-O 10. Bd2 Re8 11. Re1 h6 12. h3 Bf5 13. Qb3 Na5 14. Qa2 c4 15. Bd1
Nc6 16. Ne2 Ne4 17. Bc3 Qf6 18. Nf4 Bxf4 19. exf4 Bd7 20. Rc1 Qxf4 21. Bc2 Bxh3
22. gxh3 Qxf3 23. Bxe4 Rxe4 24. Rxe4 Qxe4 25. Re1 Qf4 26. b3 Nxd4 27. Bxd4 Qxd4
28. bxc4 dxc4 29. Re7 Qd1+ 30. Kg2 Qd5+ 31. Kf1 Rd8 32. a5 Qh1+ 33. Ke2 Qd1+
34. Ke3 Rd3+ 35. Ke4 Qf3+ 36. Ke5 0-1

[Event "European Individual Chess Championship "]
[Site "Reykjavik, Iceland"]
[Date "2021.08.26"]
[Round "1.85"]
[White "Juksta, Karolis"]
[Black "Johannsson, Markus Orri"]
[Result "1-0"]
[WhiteElo "2438"]
[BlackElo "1117"]
[PlyCount "51"]
[EventDate "2021.08.26"]

1. d4 Nf6 2. Nf3 b6 3. g3 Bb7 4. Bg2 e6 5. O-O Be7 6. c4 O-O 7. Nc3 d6 8. Qc2
Nbd7 9. e4 c5 10. d5 exd5 11. cxd5 Ba6 12. Rd1 b5 13. e5 Ng4 14. exd6 Bxd6 15.
Ne4 Qc7 16. Nxd6 Qxd6 17. Bf4 Qb6 18. a4 b4 19. a5 Qb5 20. Qf5 Ngf6 21. Ne5
Rac8 22. Nc6 Ra8 23. d6 Bb7 24. Ne7+ Kh8 25. Bf1 Be4 26. Bxb5 1-0

[Event "European Individual Chess Championship "]
[Site "Reykjavik, Iceland"]
[Date "2021.08.26"]
[Round "1.86"]
[White "Hallmundarson, Birkir"]
[Black "Lubbe, Nikolas"]
[Result "0-1"]
[WhiteElo "1095"]
[BlackElo "2427"]
[PlyCount "30"]
[EventDate "2021.08.26"]

1. Nf3 d5 2. c4 e6 3. d4 Nf6 4. Nc3 Be7 5. Bg5 O-O 6. c5 b6 7. b4 Ne4 8. Nxe4
dxe4 9. Bxe7 Qxe7 10. Ne5 Rd8 11. g3 f6 12. Nc4 Nc6 13. e3 Nxb4 14. Bg2 Nd3+
15. Ke2 Bb7 0-1

[Event "European Individual Chess Championship "]
[Site "Reykjavik, Iceland"]
[Date "2021.08.26"]
[Round "1.87"]
[White "Koellner, Ruben Gideon"]
[Black "Sveinbjornsson, Gudmundur Orri"]
[Result "1-0"]
[WhiteElo "2418"]
[BlackElo "1037"]
[PlyCount "37"]
[EventDate "2021.08.26"]

1. d4 Nf6 2. Bg5 e6 3. Nd2 d5 4. e3 Nbd7 5. f4 h6 6. Bxf6 Nxf6 7. Bd3 c5 8. c3
c4 9. Bc2 Bd6 10. Ngf3 Qc7 11. O-O O-O 12. Ne5 Nd7 13. Qh5 Nxe5 14. fxe5 Be7
15. Rf3 b5 16. Raf1 Bd8 17. Rg3 f6 18. Qxh6 fxe5 19. Qh7# 1-0

[Event "European Individual Championship - Reyk"]
[Site "Reykjavik, Iceland"]
[Date "2021.08.27"]
[Round "2.1"]
[White "Suleymanli, Aydin"]
[Black "Jones, Gawain C B"]
[Result "1/2-1/2"]
[WhiteElo "2536"]
[BlackElo "2684"]
[PlyCount "64"]
[EventDate "2021.??.??"]

1. d4 {[%emt 0:03:37]} Nf6 {[%emt 0:00:42]} 2. c4 {[%emt 0:00:03]} g6 {[%emt 0:
00:05]} 3. Nc3 {[%emt 0:00:05]} Bg7 {[%emt 0:00:05]} 4. e4 {[%emt 0:00:04]} d6
{[%emt 0:00:06]} 5. f3 {[%emt 0:00:04]} O-O {[%emt 0:00:44]} 6. Nge2 {[%emt 0:
00:02]} a6 {[%emt 0:00:48]} 7. Be3 {[%emt 0:01:10]} b5 {[%emt 0:00:30]} 8. cxb5
{[%emt 0:00:37]} axb5 {[%emt 0:00:06]} 9. Nxb5 {[%emt 0:00:16]} c6 {[%emt 0:00:
13]} 10. Nbc3 {[%emt 0:00:19]} Nbd7 {[%emt 0:00:29]} 11. Qd2 {[%emt 0:01:36]}
e5 {[%emt 0:00:40]} 12. Rd1 {[%emt 0:01:22]} d5 {[%emt 0:08:26]} 13. Ng3 {
[%emt 0:00:53]} Re8 {[%emt 0:05:59]} 14. Be2 {[%emt 0:05:42]} h5 {[%emt 0:02:
41]} 15. dxe5 {[%emt 0:02:49]} Nxe5 {[%emt 0:02:23]} 16. O-O {[%emt 0:01:07]}
h4 {[%emt 0:19:03]} 17. Nh1 {[%emt 0:00:15]} Qc7 {[%emt 0:00:37]} 18. Nf2 {
[%emt 0:04:18]} dxe4 {[%emt 0:02:12]} 19. fxe4 {[%emt 0:00:50]} Neg4 {[%emt 0:
14:17]} 20. Bf4 {[%emt 0:10:23]} Qb6 {[%emt 0:01:08]} 21. Bxg4 {[%emt 0:02:18]}
Nxg4 {[%emt 0:06:16]} 22. h3 {[%emt 0:02:57]} Ne5 {[%emt 0:02:09]} 23. b3 {
[%emt 0:01:27]} Ba6 {[%emt 0:04:49]} 24. Na4 {[%emt 0:00:47]} Qb8 {[%emt 0:07:
12]} 25. Rfe1 {[%emt 0:00:40]} Bh6 {[%emt 0:01:42]} 26. Bxh6 {[%emt 0:08:41]}
Nf3+ {[%emt 0:00:09]} 27. gxf3 {[%emt 0:00:05]} Qg3+ {[%emt 0:00:04]} 28. Kh1 {
[%emt 0:00:05]} Qxf3+ {[%emt 0:00:05]} 29. Kg1 {[%emt 0:00:12]} Qg3+ {[%emt 0:
00:07]} 30. Kh1 {[%emt 0:00:04]} Qf3+ {[%emt 0:00:32]} 31. Kg1 {[%emt 0:00:05]}
Qg3+ {[%emt 0:00:05]} 32. Kh1 {[%emt 0:00:06]} Qf3+ {[%emt 0:00:05]} 1/2-1/2

[Event "European Individual Championship - Reyk"]
[Site "Reykjavik, Iceland"]
[Date "2021.08.27"]
[Round "2.2"]
[White "Valsecchi, Alessio"]
[Black "Navara, David"]
[Result "1/2-1/2"]
[WhiteElo "2527"]
[BlackElo "2675"]
[PlyCount "112"]
[EventDate "2021.??.??"]

1. e4 c5 {[%emt 0:00:05]} 2. Nf3 {[%emt 0:00:18]} d6 3. d4 {[%emt 0:00:06]}
cxd4 {[%emt 0:00:04]} 4. Nxd4 {[%emt 0:00:09]} Nf6 {[%emt 0:00:04]} 5. Nc3 {
[%emt 0:00:07]} a6 {[%emt 0:00:04]} 6. Be2 {[%emt 0:00:18]} e5 {[%emt 0:01:40]}
7. Nb3 {[%emt 0:00:32]} Be7 {[%emt 0:00:10]} 8. O-O {[%emt 0:00:52]} O-O {
[%emt 0:00:14]} 9. Be3 {[%emt 0:00:43]} Be6 {[%emt 0:00:13]} 10. Qd3 {[%emt 0:
01:05]} Nbd7 {[%emt 0:00:20]} 11. Rfc1 {[%emt 0:07:25]} Rc8 {[%emt 0:07:19]}
12. a4 {[%emt 0:09:13]} Ne8 {[%emt 0:19:40]} 13. Nd5 {[%emt 0:11:29]} Bg5 {
[%emt 0:00:20]} 14. Bxg5 {[%emt 0:03:16]} Qxg5 {[%emt 0:00:09]} 15. a5 {
[%emt 0:07:07]} Bxd5 {[%emt 0:04:04]} 16. Qxd5 {[%emt 0:02:04]} Rc6 {[%emt 0:
00:28]} 17. Qd2 {[%emt 0:04:22]} Qe7 {[%emt 0:04:57]} 18. Qb4 {[%emt 0:05:32]}
Nc5 {[%emt 0:06:21]} 19. Bc4 {[%emt 0:05:25]} Nf6 {[%emt 0:01:45]} 20. Bd5 {
[%emt 0:01:30]} Nxd5 {[%emt 0:17:48]} 21. exd5 {[%emt 0:00:16]} Nxb3 {[%emt 0:
00:12]} 22. dxc6 {[%emt 0:11:26]} Nxc1 {[%emt 0:01:10]} 23. Rxc1 {[%emt 0:00:
31]} bxc6 {[%emt 0:00:32]} 24. Rd1 {[%emt 0:01:36]} Rd8 {[%emt 0:14:28]} 25.
Qb6 {[%emt 0:00:15]} d5 {[%emt 0:05:11]} 26. Qxc6 {[%emt 0:01:47]} Qe6 {
[%emt 0:00:57]} 27. Qxe6 {[%emt 0:01:22]} fxe6 {[%emt 0:00:02]} 28. Re1 {
[%emt 0:00:13]} Rb8 {[%emt 0:05:41]} 29. Rxe5 {[%emt 0:02:54]} Rxb2 {[%emt 0:
00:12]} 30. f4 {[%emt 0:00:11]} Kf7 {[%emt 0:01:02]} 31. f5 {[%emt 0:00:46]}
exf5 {[%emt 0:00:31]} 32. Rxd5 {[%emt 0:00:22]} Ke6 {[%emt 0:01:00]} 33. Rc5 {
[%emt 0:00:20]} Kd6 {[%emt 0:00:17]} 34. Rxf5 {[%emt 0:02:26]} Rxc2 {[%emt 0:
00:29]} 35. Rf8 {[%emt 0:01:26]} Rc5 {[%emt 0:01:08]} 36. Rg8 {[%emt 0:01:01]}
g6 {[%emt 0:04:45]} 37. Rg7 {[%emt 0:00:48]} Rxa5 {[%emt 0:01:15]} 38. Rxh7 {
[%emt 0:00:08]} Rb5 {[%emt 0:00:55]} 39. Rg7 {[%emt 0:01:40]} a5 {[%emt 0:00:
25]} 40. Rxg6+ {[%emt 0:02:25]} Kc5 {[%emt 0:00:04]} 41. Ra6 {[%emt 0:08:52]}
Kb4 {[%emt 0:00:32]} 42. Kf2 {[%emt 0:01:14]} a4 {[%emt 0:00:32]} 43. g4 {
[%emt 0:01:32]} a3 {[%emt 0:00:22]} 44. h4 {[%emt 0:02:05]} Ra5 {[%emt 0:01:17]
} 45. Rb6+ {[%emt 0:00:16]} Kc3 {[%emt 0:02:47]} 46. Rc6+ {[%emt 0:01:44]} Kb2
{[%emt 0:02:16]} 47. Rb6+ {[%emt 0:00:21]} Kc3 {[%emt 0:00:22]} 48. Rc6+ {
[%emt 0:00:06]} Kd4 {[%emt 0:00:05]} 49. Rc1 {[%emt 0:01:15]} a2 {[%emt 0:00:
05]} 50. Ra1 {[%emt 0:00:05]} Ke4 {[%emt 0:00:10]} 51. Ke2 {[%emt 0:00:36]} Ra3
{[%emt 0:00:56]} 52. Kd2 {[%emt 0:00:37]} Rh3 {[%emt 0:00:18]} 53. Kc2 {
[%emt 0:00:08]} Rxh4 {[%emt 0:00:07]} 54. Rxa2 {[%emt 0:00:05]} Rxg4 {[%emt 0:
00:05]} 55. Ra4+ {[%emt 0:00:05]} Kf3 {[%emt 0:00:05]} 56. Rxg4 {[%emt 0:00:04]
} Kxg4 {[%emt 0:00:04]} 1/2-1/2

[Event "European Individual Championship - Reyk"]
[Site "Reykjavik, Iceland"]
[Date "2021.08.27"]
[Round "2.3"]
[White "Bluebaum, Matthias"]
[Black "Van Foreest, Lucas"]
[Result "1-0"]
[WhiteElo "2674"]
[BlackElo "2544"]
[PlyCount "113"]
[EventDate "2021.??.??"]

1. c4 {[%emt 0:00:07]} c5 {[%emt 0:02:59]} 2. Nf3 {[%emt 0:00:30]} Nf6 {
[%emt 0:00:19]} 3. Nc3 {[%emt 0:00:07]} d5 {[%emt 0:00:05]} 4. cxd5 {[%emt 0:
00:16]} Nxd5 {[%emt 0:00:03]} 5. d4 {[%emt 0:00:25]} Qa5 {[%emt 0:01:01]} 6.
Bd2 {[%emt 0:05:40]} cxd4 {[%emt 0:05:04]} 7. Nxd4 {[%emt 0:02:28]} e5 {
[%emt 0:01:17]} 8. Nb3 {[%emt 0:05:42]} Qd8 {[%emt 0:14:19]} 9. g3 {[%emt 0:07:
53]} Nxc3 {[%emt 0:21:27]} 10. Bxc3 {[%emt 0:00:15]} Qxd1+ {[%emt 0:00:41]} 11.
Rxd1 {[%emt 0:00:05]} Nc6 {[%emt 0:00:42]} 12. Bg2 {[%emt 0:01:43]} Bd7 {
[%emt 0:09:44]} 13. O-O {[%emt 0:02:51]} f6 {[%emt 0:01:36]} 14. Na5 {[%emt 0:
07:48]} Nxa5 {[%emt 0:09:22]} 15. Bxa5 {[%emt 0:00:27]} Bc6 {[%emt 0:05:42]}
16. Bxc6+ {[%emt 0:03:28]} bxc6 {[%emt 0:00:01]} 17. Rd3 {[%emt 0:05:53]} Rb8 {
[%emt 0:03:43]} 18. Rc1 {[%emt 0:08:05]} Rxb2 {[%emt 0:04:32]} 19. Rxc6 {
[%emt 0:00:55]} Rxa2 {[%emt 0:02:39]} 20. Rc8+ {[%emt 0:01:15]} Kf7 {[%emt 0:
00:05]} 21. Rd7+ {[%emt 0:02:25]} Kg6 {[%emt 0:02:37]} 22. Rxa7 {[%emt 0:03:58]
} h5 {[%emt 0:03:41]} 23. e3 {[%emt 0:03:25]} h4 {[%emt 0:00:05]} 24. gxh4 {
[%emt 0:03:04]} e4 {[%emt 0:02:19]} 25. Bb6 {[%emt 0:04:33]} Rxa7 {[%emt 0:00:
13]} 26. Bxa7 Kh7 {[%emt 0:00:11]} 27. Re8 {[%emt 0:04:47]} f5 {[%emt 0:00:04]}
28. Bd4 {[%emt 0:04:04]} Rg8 {[%emt 0:00:26]} 29. Re5 {[%emt 0:06:55]} g6 {
[%emt 0:02:52]} 30. Rd5 {[%emt 0:00:04]} Kh6 {[%emt 0:00:34]} 31. Rd8 {[%emt 0:
02:54]} Kh7 {[%emt 0:02:03]} 32. Rd7+ {[%emt 0:06:36]} Kh6 {[%emt 0:00:02]} 33.
Bf6 {[%emt 0:01:20]} Bg7 {[%emt 0:00:04]} 34. Bg5+ {[%emt 0:00:41]} Kh7 {
[%emt 0:00:13]} 35. Kg2 {[%emt 0:01:29]} Kh8 {[%emt 0:00:30]} 36. Kh3 {[%emt 0:
00:40]} Bc3 {[%emt 0:01:47]} 37. Rc7 {[%emt 0:00:10]} Be5 {[%emt 0:00:16]} 38.
Re7 {[%emt 0:00:12]} Bc3 {[%emt 0:00:08]} 39. Rc7 {[%emt 0:02:47]} Bb2 {
[%emt 0:00:31]} 40. h5 {[%emt 0:01:12]} gxh5 {[%emt 0:01:32]} 41. Kh4 {[%emt 0:
00:06]} Rg7 {[%emt 0:00:17]} 42. Rxg7 {[%emt 0:10:24]} Kxg7 {[%emt 0:01:10]}
43. Kxh5 {[%emt 0:00:03]} Be5 {[%emt 0:08:33]} 44. Bh6+ {[%emt 0:02:28]} Kh7 {
[%emt 0:01:58]} 45. h3 {[%emt 0:02:18]} Bc7 {[%emt 0:04:20]} 46. Bf4 {[%emt 0:
00:05]} Bd8 {[%emt 0:00:08]} 47. Bg5 {[%emt 0:00:02]} Bb6 {[%emt 0:01:36]} 48.
Bf6 {[%emt 0:02:22]} f4 {[%emt 0:01:00]} 49. Bg5 {[%emt 0:00:02]} fxe3 {
[%emt 0:00:57]} 50. fxe3 {[%emt 0:00:06]} Bc7 {[%emt 0:00:52]} 51. Kg4 {
[%emt 0:00:11]} Kg6 {[%emt 0:00:05]} 52. h4 {[%emt 0:00:03]} Be5 {[%emt 0:00:
06]} 53. h5+ {[%emt 0:00:05]} Kf7 {[%emt 0:00:02]} 54. Kf5 {[%emt 0:00:05]} Bg7
{[%emt 0:00:12]} 55. h6 {[%emt 0:02:00]} Bc3 {[%emt 0:01:45]} 56. Bf4 {[%emt 0:
00:05]} Bd2 {[%emt 0:01:03]} 57. Be5 {[%emt 0:00:06]} 1-0

[Event "European Individual Championship - Reyk"]
[Site "Reykjavik, Iceland"]
[Date "2021.08.27"]
[Round "2.4"]
[White "Grandelius, Nils"]
[Black "Basso, Pier Luigi"]
[Result "1/2-1/2"]
[WhiteElo "2666"]
[BlackElo "2541"]
[PlyCount "81"]
[EventDate "2021.??.??"]

1. e4 {[%emt 18:23:03]} e5 {[%emt 0:01:40]} 2. Nf3 {[%emt 0:00:21]} Nf6 {
[%emt 0:00:01]} 3. Nxe5 {[%emt 0:00:58]} d6 {[%emt 0:00:06]} 4. Nf3 {[%emt 0:
00:05]} Nxe4 {[%emt 0:00:07]} 5. Nc3 {[%emt 0:00:31]} Nxc3 6. dxc3 {[%emt 0:00:
04]} Be7 {[%emt 0:00:06]} 7. Bf4 {[%emt 0:00:40]} O-O {[%emt 0:00:20]} 8. Qd2 {
[%emt 0:00:07]} Nd7 {[%emt 0:00:14]} 9. O-O-O {[%emt 0:00:20]} Nc5 {[%emt 0:00:
08]} 10. Bc4 {[%emt 0:02:42]} Be6 {[%emt 0:01:04]} 11. Bxe6 {[%emt 0:00:13]}
Nxe6 {[%emt 0:00:05]} 12. Be3 {[%emt 0:00:15]} Qd7 {[%emt 0:00:22]} 13. h4 {
[%emt 0:00:32]} Qc6 {[%emt 0:01:18]} 14. Qd3 {[%emt 0:05:07]} Nc5 {[%emt 0:18:
25]} 15. Qf1 {[%emt 0:00:23]} Qa6 {[%emt 0:30:48]} 16. Qxa6 {[%emt 0:02:25]}
Nxa6 {[%emt 0:01:47]} 17. Nd4 {[%emt 0:10:32]} f5 {[%emt 0:08:07]} 18. g3 {
[%emt 0:13:36]} c6 {[%emt 0:10:46]} 19. Rhe1 {[%emt 0:05:29]} d5 {[%emt 0:05:
47]} 20. Ne6 {[%emt 0:14:32]} Rf7 {[%emt 0:02:43]} 21. Re2 {[%emt 0:04:27]} Bf6
{[%emt 0:03:06]} 22. Rde1 {[%emt 0:04:29]} Re7 {[%emt 0:02:24]} 23. Bd4 {
[%emt 0:02:18]} Rf7 {[%emt 0:06:11]} 24. Ng5 {[%emt 0:09:36]} Bxg5+ {[%emt 0:
00:25]} 25. hxg5 {[%emt 0:00:02]} c5 {[%emt 0:00:35]} 26. Be5 {[%emt 0:00:42]}
Rd7 {[%emt 0:00:30]} 27. Bf4 {[%emt 0:04:09]} Kf7 {[%emt 0:00:06]} 28. Re6 {
[%emt 0:09:07]} Rc8 {[%emt 0:02:58]} 29. g6+ {[%emt 0:00:50]} hxg6 {[%emt 0:00:
06]} 30. Bg5 {[%emt 0:00:02]} Kf8 {[%emt 0:02:11]} 31. Rxg6 {[%emt 0:06:36]}
Re8 {[%emt 0:00:08]} 32. Rxe8+ {[%emt 0:01:50]} Kxe8 {[%emt 0:00:03]} 33. Re6+
{[%emt 0:00:16]} Kf7 {[%emt 0:00:16]} 34. Re5 {[%emt 0:00:38]} g6 {[%emt 0:01:
08]} 35. Re1 {[%emt 0:01:28]} Nc7 {[%emt 0:00:41]} 36. Bf4 {[%emt 0:02:15]} Ne6
{[%emt 0:00:11]} 37. Be5 Ng5 {[%emt 0:00:02]} 38. Rh1 {[%emt 0:00:49]} a6 {
[%emt 0:02:01]} 39. Bb8 {[%emt 0:00:55]} Ne4 {[%emt 0:00:19]} 40. f3 {[%emt 0:
00:37]} Ng5 {[%emt 0:00:18]} 41. Rf1 {[%emt 0:11:49]} 1/2-1/2

[Event "European Individual Championship - Reyk"]
[Site "Reykjavik, Iceland"]
[Date "2021.08.27"]
[Round "2.5"]
[White "Donchenko, Alexander"]
[Black "Plat, Vojtech"]
[Result "1/2-1/2"]
[WhiteElo "2657"]
[BlackElo "2531"]
[PlyCount "84"]
[EventDate "2021.??.??"]

1. d4 {[%emt 0:00:10]} Nf6 {[%emt 0:00:06]} 2. c4 {[%emt 0:00:15]} g6 {[%emt 0:
00:06]} 3. Nc3 {[%emt 0:00:31]} d5 {[%emt 0:00:04]} 4. Nf3 {[%emt 0:00:59]} Bg7
{[%emt 0:00:05]} 5. Qb3 {[%emt 0:00:06]} dxc4 {[%emt 0:00:04]} 6. Qxc4 {
[%emt 0:00:07]} O-O {[%emt 0:00:03]} 7. e4 {[%emt 0:00:13]} Nfd7 {[%emt 0:00:
06]} 8. Be3 {[%emt 0:01:13]} Nc6 {[%emt 0:00:13]} 9. Rd1 {[%emt 0:01:02]} Nb6 {
[%emt 0:00:17]} 10. Qb3 {[%emt 0:00:22]} Bg4 {[%emt 0:01:22]} 11. d5 {[%emt 0:
01:11]} Ne5 {[%emt 0:00:45]} 12. Be2 {[%emt 0:00:31]} Nxf3+ {[%emt 0:00:08]}
13. gxf3 {[%emt 0:00:07]} Bh5 {[%emt 0:00:34]} 14. h4 {[%emt 0:03:40]} Qc8 {
[%emt 0:13:08]} 15. Kf1 {[%emt 0:04:28]} Kh8 {[%emt 0:11:40]} 16. Bd4 {[%emt 0:
26:56]} Bxd4 {[%emt 0:02:41]} 17. Rxd4 {[%emt 0:00:03]} c5 {[%emt 0:00:18]} 18.
Rd1 {[%emt 0:07:38]} Qb8 {[%emt 0:05:47]} 19. d6 {[%emt 0:13:28]} exd6 {
[%emt 0:00:08]} 20. Nb5 {[%emt 0:02:46]} d5 {[%emt 0:00:47]} 21. exd5 {[%emt 0:
00:48]} Qe5 {[%emt 0:03:45]} 22. Qc3 {[%emt 0:01:25]} f6 {[%emt 0:06:17]} 23.
d6 {[%emt 0:06:28]} Rad8 {[%emt 0:03:44]} 24. Rh3 {[%emt 0:05:19]} Rfe8 {
[%emt 0:05:34]} 25. Rd2 {[%emt 0:07:06]} Qf5 {[%emt 0:02:28]} 26. Rg3 {[%emt 0:
00:52]} Re5 {[%emt 0:02:56]} 27. Nc7 {[%emt 0:04:10]} Qf4 {[%emt 0:05:51]} 28.
Rh3 {[%emt 0:00:14]} Nc8 {[%emt 0:09:14]} 29. d7 {[%emt 0:08:38]} Nb6 {[%emt 0:
00:04]} 30. Bb5 {[%emt 0:00:34]} a6 {[%emt 0:15:44]} 31. Qa5 {[%emt 0:00:11]}
Nc4 {[%emt 0:00:35]} 32. Bxc4 {[%emt 0:00:46]} Qxc4+ {[%emt 0:00:09]} 33. Kg2 {
[%emt 0:00:02]} Re1 {[%emt 0:01:50]} 34. Ne6 {[%emt 0:02:35]} Bxf3+ {[%emt 0:
02:39]} 35. Rxf3 {[%emt 0:00:02]} Qf1+ {[%emt 0:00:05]} 36. Kg3 {[%emt 0:02:25]
} Qg1+ {[%emt 0:00:04]} 37. Kf4 {[%emt 0:00:53]} Qh2+ {[%emt 0:00:20]} 38. Rg3
{[%emt 0:00:02]} Qxh4+ {[%emt 0:00:07]} 39. Rg4 {[%emt 0:00:03]} Qh2+ {[%emt 0:
01:38]} 40. Kf3 {[%emt 0:01:42]} Qh3+ {[%emt 0:03:04]} 41. Rg3 {[%emt 0:07:19]}
Qh5+ {[%emt 0:01:44]} 42. Rg4 {[%emt 0:00:19]} Qh3+ {[%emt 0:01:59]} 1/2-1/2